| 000 | 00641nam a2200205 i 4500 | ||
|---|---|---|---|
| 001 | 77247 | ||
| 003 | ES-MaACL | ||
| 007 | t| | ||
| 008 | 041007s1983 sp ||||1| spa d | ||
| 100 | 1 |
_aGutiérrez Mellado, Manuel. _961185 |
|
| 245 | 1 | 3 |
_aUn soldado de España / _cManuel Gutiérrez Mellado ; conversaciones con Jesús Picatoste. |
| 250 | _a[1ª ed.]. | ||
| 260 |
_a[Barcelona] : _bArgos Vergara, _c[1983] |
||
| 300 |
_a174 p., 16 lám. ; _c22 cm. |
||
| 490 | 1 |
_aPrimera plana ; _v20 |
|
| 700 | 1 |
_aPicatoste, Jesús. _991803 |
|
| 830 | 0 |
_aPrimera plana ; _v20 _9180521 |
|
| 852 |
_aES-MaACL _jL-8352 _bR.105058 |
||
| 999 |
_c77247 _d77247 |
||